[Event "Riga Tech Rapid op"]
[Site "Riga"]
[Date "2023.08.06"]
[Round "2"]
[White "Gudovskis, Konstantins"]
[Black "Krivonosov, Oleg"]
[Result "1/2-1/2"]
[WhiteElo "2018"]
[BlackElo "2363"]
[PlyCount "96"]
[EventDate "2023.08.06"]
[EventType "swiss (rapid)"]
[EventRounds "9"]
[EventCountry "LAT"]
[SourceTitle "CBM 215 Extra"]
[Source "ChessBase"]
[SourceDate "2023.09.30"]
[SourceVersion "1"]
[SourceVersionDate "2023.09.30"]
[SourceQuality "1"]

1. d4 d5 2. Nc3 Nf6 3. Bg5 c6 4. Bxf6 exf6 5. e3 Bf5 6. Bd3 Bg6 7. h4 Bb4 8. Nge2 Nd7 9. h5 Bxd3 10. Qxd3 Qa5 11. a3 0-0 12. 0-0 Bxc3 13. Nxc3 Rfe8 14. Qf5 Qd8 15. g3 g6 16. Qf3 f5 17. Kg2 Nf6 18. hxg6 fxg6 19. Rh1 Qe7 20. Ne2 Qe4 21. Rac1 Re7 22. c4 dxc4 23. Rxc4 Rd8 24. Rhc1 Kg7 25. Qxe4 Nxe4 26. Nf4 Nf6 27. Nd3 h5 28. b4 Nd5 29. Nf4 Kf6 30. Rc5 Red7 31. b5 Nxf4+ 32. gxf4 cxb5 33. Rxb5 b6 34. a4 Rd5 35. Rc7 Rxb5 36. axb5 Rd5 37. Rxa7 Rxb5 38. Rb7 Rb2 39. Kg3 b5 40. Rb6+ Kg7 41. Rb7+ Kh6 42. d5 b4 43. d6 Rd2 44. Rxb4 Rxd6 45. Rb7 Rd1 46. Rf7 Rg1+ 47. Kh2 Ra1 48. Kg3 Rg1+ 1/2-1/2

[Event "Riga Tech Rapid op"]
[Site "Riga"]
[Date "2021.08.08"]
[Round "9"]
[White "Plotkin, Victor"]
[Black "Gudovskis, Konstantins"]
[Result "1-0"]
[WhiteElo "2332"]
[BlackElo "2051"]
[PlyCount "78"]
[EventDate "2021.08.08"]
[EventType "swiss (rapid)"]
[EventRounds "9"]
[EventCountry "LAT"]
[SourceTitle "CBM 203 Extra"]
[Source "ChessBase"]
[SourceDate "2021.09.30"]
[SourceVersion "1"]
[SourceVersionDate "2021.09.30"]
[SourceQuality "1"]

1. e4 d6 2. d4 Nf6 3. Nc3 g6 4. Be3 c6 5. Qd2 b5 6. f3 Nbd7 7. h4 h5 8. Nh3 Nb6 9. b3 Bxh3 10. Rxh3 Bg7 11. Be2 Qc7 12. Rd1 b4 13. Nb1 a5 14. c4 0-0 15. Rg3 c5 16. Kf2 Nfd7 17. d5 a4 18. f4 axb3 19. axb3 Nf6 20. Qd3 Nbd7 21. Nd2 Ra2 22. Kg1 Rfa8 23. Bf3 Ra1 24. Rxa1 Rxa1+ 25. Kh2 Kf8 26. Qe2 Ra2 27. Qf1 Qa7 28. Qd3 Qa3 29. Rg5 Qb2 30. e5 dxe5 31. d6 e6 32. Ne4 exf4 33. Bxc5 Ng4+ 34. Kh3 Qc1 35. Qd1 Qxd1 36. Bxd1 Nxc5 37. Rxc5 Be5 38. Rc8+ Kg7 39. d7 Bf6 1-0

[Event "Riga Shirov&Maskacha rapid"]
[Site "Riga"]
[Date "2020.01.09"]
[Round "4"]
[White "Gudovskis, Konstantins"]
[Black "Kovalenko, Igor"]
[Result "0-1"]
[WhiteElo "2025"]
[BlackElo "2640"]
[PlyCount "116"]
[EventDate "2020.01.09"]
[EventType "swiss (rapid)"]
[EventRounds "9"]
[EventCountry "LAT"]
[SourceTitle "CBM 194 Extra"]
[Source "ChessBase"]
[SourceDate "2020.03.31"]
[SourceVersion "1"]
[SourceVersionDate "2020.03.31"]
[SourceQuality "1"]

1. e4 c5 2. Nf3 e6 3. d3 Nc6 4. Nbd2 g6 5. g3 Bg7 6. Bg2 Nge7 7. 0-0 0-0 8. Qe2 d6 9. c3 Rb8 10. a4 b6 11. Nh4 Qc7 12. f4 f5 13. Ndf3 h6 14. Re1 Bd7 15. Bd2 Rbe8 16. exf5 exf5 17. Qf1 Kh7 18. Re2 Ng8 19. Rae1 Qd8 20. h3 Na5 21. Rxe8 Rxe8 22. Qf2 Nf6 23. Nh2 Nb3 24. Be3 d5 25. N2f3 Nh5 26. d4 Bf6 27. Ne5 cxd4 28. cxd4 Bxh4 29. gxh4 Bxa4 30. Bf3 Nf6 31. Qg2 Rg8 32. Kh2 Be8 33. Bd1 Na5 34. Bc2 Nc6 35. Rg1 Ne7 36. Bd3 Qd6 37. Rc1 Rg7 38. Kh1 Ne4 39. Rg1 Qf6 40. Bf2 Nc8 41. Be1 a5 42. Qc2 Ncd6 43. Qb3 Nc4 44. Bxc4 dxc4 45. Qxc4 h5 46. Kh2 Qd6 47. b4 Rc7 48. Qb3 a4 49. Qb2 Qd5 50. Rg2 Qb3 51. Qe2 b5 52. Kg1 Qxh3 53. Rh2 Qb3 54. Rg2 Rc1 55. Kh2 Qd1 56. Qxd1 Rxd1 57. Bg3 Rxd4 58. Rc2 Rd2+ 0-1

[Event "Riga Shirov&Maskacha rapid"]
[Site "Riga"]
[Date "2020.01.09"]
[Round "9"]
[White "Gudovskis, Konstantins"]
[Black "Sveshnikov, Vladimir"]
[Result "0-1"]
[WhiteElo "2025"]
[BlackElo "2424"]
[PlyCount "94"]
[EventDate "2020.01.09"]
[EventType "swiss (rapid)"]
[EventRounds "9"]
[EventCountry "LAT"]
[SourceTitle "CBM 194 Extra"]
[Source "ChessBase"]
[SourceDate "2020.03.31"]
[SourceVersion "1"]
[SourceVersionDate "2020.03.31"]
[SourceQuality "1"]

1. e4 Nf6 2. d3 e5 3. Nf3 Nc6 4. Nbd2 d5 5. g3 dxe4 6. dxe4 Bc5 7. Bg2 0-0 8. 0-0 Qe7 9. Qe2 Nd4 10. Nxd4 Bxd4 11. c3 Bg4 12. Qc4 Bb6 13. Re1 Rad8 14. Nf1 Be6 15. Qe2 Ng4 16. Ne3 Nxe3 17. Bxe3 Rd7 18. Bxb6 axb6 19. b3 Rfd8 20. Red1 g6 21. Bf3 Qc5 22. Qc2 b5 23. Rxd7 Rxd7 24. Rd1 b4 25. Rxd7 Bxd7 26. c4 Kg7 27. Qd2 Be6 28. h4 h5 29. Kf1 b5 30. cxb5 Qxb5+ 31. Be2 Qc5 32. Qb2 Kf8 33. Qd2 Kg7 34. Qb2 Kh7 35. Kg2 Qd6 36. Kf1 c5 37. Ke1 Kg7 38. a3 bxa3 39. Qxa3 Qd4 40. Qa4 Qc3+ 41. Kf1 Bxb3 42. Qc6 Be6 43. Qc7 Qd4 44. f3 c4 45. Ke1 c3 46. Bd1 Qe3+ 47. Kf1 Bh3# 0-1

[Event "Riga RTU rapid op"]
[Site "Riga"]
[Date "2019.07.04"]
[Round "3"]
[White "Gudovskis, Konstantins"]
[Black "Korchmar, Vasiliy"]
[Result "0-1"]
[WhiteElo "2108"]
[BlackElo "2413"]
[PlyCount "130"]
[EventDate "2019.07.04"]
[EventType "swiss (rapid)"]
[EventRounds "9"]
[EventCountry "LAT"]
[SourceTitle "EXT 2020"]
[Source "ChessBase"]
[SourceDate "2019.10.17"]
[SourceVersion "1"]
[SourceVersionDate "2019.10.17"]
[SourceQuality "1"]

1. d4 Nf6 2. c4 g6 3. Nc3 d5 4. Nf3 Bg7 5. Bg5 Ne4 6. cxd5 Nxg5 7. Nxg5 e6 8. Nf3 exd5 9. e3 0-0 10. b4 c6 11. Qb3 Nd7 12. Be2 Nb6 13. b5 Be6 14. bxc6 bxc6 15. Na4 Nxa4 16. Qxa4 c5 17. Rb1 c4 18. Rb7 Rb8 19. Rxa7 Rb2 20. Bd1 Bf5 21. 0-0 Qb8 22. Ne1 Be4 23. Ra5 Rc8 24. Bc2 Bxc2 25. Nxc2 Rb1 26. Rxd5 Rxf1+ 27. Kxf1 Qxh2 28. Qd7 Rb8 29. Rb5 Rf8 30. Qd5 c3 31. Rb7 Qh1+ 32. Ke2 Qc1 33. Qb3 Qd2+ 34. Kf3 h5 35. Nb4 g5 36. g3 h4 37. gxh4 gxh4 38. Rc7 Qe1 39. Qxc3 Qh1+ 40. Kg4 h3 41. Qc6 Qh2 42. Rc8 f5+ 43. Kh4 Qxf2+ 44. Kxh3 Qxe3+ 45. Kg2 Qd2+ 46. Kf3 Qxb4 47. Rxf8+ Qxf8 48. d5 Bh6 49. Qe6+ Kh7 50. d6 Qa8+ 51. Kf2 Qa7+ 52. Kf1 Qa6+ 53. Kf2 Qb6+ 54. Kf1 Qb1+ 55. Ke2 Qc2+ 56. Kf3 Qd3+ 57. Kf2 Qd4+ 58. Kf3 Qd3+ 59. Kf2 Bg7 60. Qe7 Kg6 61. Qe8+ Kg5 62. Qe6 Bd4+ 63. Ke1 Qe4+ 64. Qxe4 fxe4 65. d7 Bb6 0-1

[Event "LAT President's blitz Cup"]
[Site "Riga"]
[Date "2019.01.26"]
[Round "12"]
[White "Meskovs, Nikita"]
[Black "Gudovskis, Konstantins"]
[Result "1-0"]
[WhiteElo "2557"]
[BlackElo "2035"]
[PlyCount "81"]
[EventDate "2019.01.26"]
[EventType "swiss (blitz)"]
[EventRounds "13"]
[EventCountry "LAT"]
[SourceTitle "CBM 188 Extra"]
[Source "ChessBase"]
[SourceDate "2019.02.26"]
[SourceVersion "1"]
[SourceVersionDate "2019.02.26"]
[SourceQuality "1"]

1. Nf3 Nf6 2. c4 g6 3. Nc3 Bg7 4. e4 d6 5. d4 0-0 6. Be2 e5 7. 0-0 Nbd7 8. Be3 Ng4 9. Bg5 f6 10. Bh4 Nh6 11. h3 Nf7 12. Rc1 c6 13. b4 Qe7 14. Qb3 Re8 15. Rfd1 Nf8 16. d5 g5 17. Bg3 Ng6 18. c5 Kh8 19. Bc4 dxc5 20. bxc5 Nh6 21. d6 Qd7 22. h4 gxh4 23. Nxh4 Nxh4 24. Bxh4 Qg4 25. Bg3 Bd7 26. Be2 Qg6 27. Qxb7 Red8 28. Bf3 Nf7 29. Bh4 h6 30. Ne2 Ng5 31. Bxg5 fxg5 32. Ng3 g4 33. Be2 h5 34. Nf5 Bf8 35. Rb1 Bxf5 36. exf5 Qxf5 37. Qxc6 Bg7 38. Bd3 Qf4 39. g3 Qf6 40. Qe4 Rf8 41. Qh7# 1-0

[Event "Keres Memorial rap 28th"]
[Site "Tallinn"]
[Date "2019.01.12"]
[Round "4"]
[White "Gudovskis, Konstantins"]
[Black "Romanov, Evgeny"]
[Result "0-1"]
[WhiteElo "2035"]
[BlackElo "2608"]
[PlyCount "42"]
[EventDate "2019.01.12"]
[EventType "swiss (rapid)"]
[EventRounds "11"]
[EventCountry "EST"]
[SourceTitle "CBM 188 Extra"]
[Source "ChessBase"]
[SourceDate "2019.02.26"]
[SourceVersion "1"]
[SourceVersionDate "2019.02.26"]
[SourceQuality "1"]

1. Nf3 Nf6 2. g3 b5 3. Bg2 Bb7 4. 0-0 e6 5. d3 c5 6. e4 d6 7. a4 b4 8. Nbd2 Be7 9. Nc4 d5 10. exd5 exd5 11. Nce5 0-0 12. Re1 Nbd7 13. d4 Nxe5 14. Nxe5 Rc8 15. dxc5 Bxc5 16. Nd3 Bb6 17. Nxb4 Bxf2+ 18. Kxf2 Qb6+ 19. Be3 Qxb4 20. Bd4 Rxc2+ 21. Kg1 Rd2 0-1

[Event "LAT-ch"]
[Site "Riga"]
[Date "2018.05.05"]
[Round "8"]
[White "Pogrebnojs, Dmitrijs"]
[Black "Gudovskis, Konstantins"]
[Result "1-0"]
[WhiteElo "2099"]
[BlackElo "1998"]
[PlyCount "65"]
[EventDate "2018.04.30"]
[EventType "swiss"]
[EventRounds "9"]
[EventCountry "LAT"]
[SourceTitle "CBM 184 Extra"]
[Source "ChessBase"]
[SourceDate "2018.06.28"]
[SourceVersion "1"]
[SourceVersionDate "2018.06.28"]
[SourceQuality "1"]

1. e4 d6 2. d4 Nf6 3. Nc3 g6 4. f4 Bg7 5. Nf3 c5 6. Bb5+ Bd7 7. e5 Ng4 8. h3 Bxb5 9. Nxb5 Qa5+ 10. Nc3 cxd4 11. Qxd4 Nh6 12. Qe4 Nc6 13. g4 0-0 14. Bd2 dxe5 15. fxe5 f5 16. exf6 exf6 17. 0-0-0 Nf7 18. Qc4 Rac8 19. Nd5 Qd8 20. Qb3 Kh8 21. h4 Na5 22. Bxa5 Qxa5 23. h5 g5 24. Nd4 Nh6 25. Ne7 Rc5 26. Nef5 Nxf5 27. Nxf5 Rg8 28. Ne7 Rxc2+ 29. Qxc2 Rf8 30. Ng6+ Kg8 31. Qc4+ Rf7 32. Ne7+ Kf8 33. Qc8+ 1-0

[Event "LAT-ch"]
[Site "Riga"]
[Date "2018.05.03"]
[Round "5"]
[White "Semjonovs, Ilja"]
[Black "Gudovskis, Konstantins"]
[Result "1-0"]
[WhiteElo "2201"]
[BlackElo "1998"]
[PlyCount "75"]
[EventDate "2018.04.30"]
[EventType "swiss"]
[EventRounds "9"]
[EventCountry "LAT"]
[SourceTitle "CBM 184 Extra"]
[Source "ChessBase"]
[SourceDate "2018.06.28"]
[SourceVersion "1"]
[SourceVersionDate "2018.06.28"]
[SourceQuality "1"]

1. e4 d6 2. d4 Nf6 3. Nc3 g6 4. g3 Bg7 5. Bg2 0-0 6. Nge2 Nbd7 7. 0-0 c5 8. h3 Rb8 9. Be3 b5 10. e5 dxe5 11. dxc5 b4 12. Na4 Qa5 13. c3 Ba6 14. cxb4 Qxb4 15. b3 Rfc8 16. c6 Nb6 17. Bc5 Qa5 18. Nxb6 axb6 19. Bxe7 e4 20. b4 Qb5 21. Nd4 Qe5 22. b5 Nd5 23. bxa6 Nxe7 24. Nb3 Nxc6 25. Rc1 f5 26. Qe2 Na7 27. Rxc8+ Rxc8 28. Rd1 Qb5 29. Qxb5 Nxb5 30. Bf1 Nc3 31. Rd7 Ra8 32. Bc4+ Kh8 33. a7 b5 34. Rb7 Be5 35. Bxb5 Nxa2 36. Bc6 Nb4 37. Rxh7+ Kxh7 38. Bxa8 1-0

[Event "LAT-ch"]
[Site "Riga"]
[Date "2018.05.01"]
[Round "3"]
[White "Gudovskis, Konstantins"]
[Black "Jazdanovs, Aleksandrs"]
[Result "1-0"]
[WhiteElo "1998"]
[BlackElo "2188"]
[PlyCount "111"]
[EventDate "2018.04.30"]
[EventType "swiss"]
[EventRounds "9"]
[EventCountry "LAT"]
[SourceTitle "CBM 184 Extra"]
[Source "ChessBase"]
[SourceDate "2018.06.28"]
[SourceVersion "1"]
[SourceVersionDate "2018.06.28"]
[SourceQuality "1"]

1. d4 Nf6 2. c4 c5 3. Nf3 cxd4 4. Nxd4 e5 5. Nb5 d5 6. cxd5 Bc5 7. N1c3 0-0 8. g3 Bd7 9. Na3 b5 10. Naxb5 Qa5 11. Qb3 Na6 12. Bd2 Bb4 13. Na3 Rfc8 14. Bg2 Rab8 15. 0-0 Nc5 16. Qd1 Na4 17. Nxa4 Bxd2 18. Nb1 Bc1 19. Nbc3 Bxb2 20. Nxb2 Qxc3 21. Nd3 e4 22. Rc1 Qd4 23. Nf4 Qe5 24. e3 g5 25. Nh5 Rxc1 26. Nxf6+ Qxf6 27. Qxc1 Rb2 28. f4 exf3 29. Rxf3 Qb6 30. Rf1 Rxa2 31. Kh1 Qb2 32. Qxb2 Rxb2 33. Ra1 a5 34. Kg1 a4 35. Bf3 Rb3 36. Bd1 Rb5 37. e4 f6 38. Kf2 Rb4 39. Ke3 Kf7 40. Bc2 Ke7 41. Kd2 Kd6 42. Ra3 Kc5 43. Rc3+ Rc4 44. Rf3 a3 45. Rxa3 Kd6 46. Ra6+ Ke5 47. Ra7 Bg4 48. Bd3 Rd4 49. Ke3 h5 50. Re7+ Kd6 51. Kxd4 Kxe7 52. e5 fxe5+ 53. Kxe5 Bd7 54. Bf5 Bb5 55. d6+ Kf7 56. Be6+ 1-0

[Event "Jurmala Termo Eko Cup 12th"]
[Site "Jurmala"]
[Date "2018.02.14"]
[Round "1"]
[White "Bernotas, Arturs"]
[Black "Gudovskis, Konstantins"]
[Result "1/2-1/2"]
[WhiteElo "2432"]
[BlackElo "1977"]
[PlyCount "109"]
[EventDate "2018.02.14"]
[EventType "swiss"]
[EventRounds "7"]
[EventCountry "LAT"]
[SourceTitle "CBM 182 Extra"]
[Source "ChessBase"]
[SourceDate "2018.02.23"]
[SourceVersion "1"]
[SourceVersionDate "2018.02.23"]
[SourceQuality "1"]

1. d4 d5 2. Nf3 Nf6 3. Bf4 c5 4. e3 Nc6 5. c3 Qb6 6. Qb3 c4 7. Qc2 Bf5 8. Qc1 e6 9. h3 h6 10. Be2 Be7 11. Nbd2 0-0 12. 0-0 Rfc8 13. b3 cxb3 14. axb3 Qd8 15. Qb2 Bd6 16. Ne5 Bxe5 17. dxe5 Nd7 18. Nf3 Qc7 19. Rfd1 Bg6 20. Rac1 Qb6 21. c4 Nb4 22. cxd5 Nxd5 23. Bc4 Nc5 24. Bh2 Nb4 25. Rd6 Qc7 26. Rcd1 Be4 27. Nd4 Bd5 28. Nb5 Qe7 29. Qd4 Nxb3 30. Bxb3 Bxb3 31. Rb1 Nc6 32. Qg4 Bc2 33. Rc1 Bf5 34. Qd1 Rd8 35. Bf4 a6 36. Nc3 Na5 37. Qa4 Qc7 38. Ne2 b5 39. Qb4 Nc4 40. Nd4 Qa5 41. Qxa5 Nxa5 42. Ra1 Nc4 43. Rxd8+ Rxd8 44. Rxa6 Rb8 45. Nc6 Rb7 46. Nb4 Nb6 47. Ra2 Nd5 48. Rb2 Nxb4 49. Rxb4 Bd3 50. f3 Ra7 51. Rb2 Rb7 52. Rb4 Ra7 53. Rb2 Rb7 54. Rb4 g5 55. Rb2 1/2-1/2

[Event "EU-ch rapid"]
[Site "Katowice"]
[Date "2017.12.16"]
[Round "4"]
[White "Pena Gomez, Manuel"]
[Black "Gudovskis, Konstantins"]
[Result "1-0"]
[WhiteElo "2491"]
[BlackElo "1977"]
[PlyCount "137"]
[EventDate "2017.12.16"]
[EventType "swiss (rapid)"]
[EventRounds "11"]
[EventCountry "POL"]
[SourceTitle "CBM 182 Extra"]
[Source "ChessBase"]
[SourceDate "2018.02.23"]
[SourceVersion "1"]
[SourceVersionDate "2018.02.23"]
[SourceQuality "1"]

1. e4 d6 2. d4 Nf6 3. Nc3 g6 4. h4 Bg7 5. f3 h5 6. Bg5 c6 7. Qd2 Qc7 8. 0-0-0 Nbd7 9. Nh3 b5 10. Kb1 Nb6 11. Bd3 b4 12. Ne2 a5 13. Nc1 0-0 14. Bh6 c5 15. e5 dxe5 16. dxe5 Qxe5 17. Bf4 Qd5 18. Qe2 Qe6 19. Qxe6 Bxe6 20. Ng5 Bc4 21. Rhe1 Nfd5 22. Bxc4 Nxf4 23. Bf1 e6 24. Rd6 Nfd5 25. Nd3 Rfc8 26. Nf4 Nxf4 27. Rxb6 Rab8 28. Ra6 Ra8 29. Rb6 Rab8 30. Ra6 Ra8 31. Rd1 Rxa6 32. Bxa6 Rf8 33. g3 Nd5 34. Ne4 Bd4 35. Rd3 Ra8 36. Bb7 Rb8 37. Bc6 Rc8 38. Bxd5 exd5 39. Nd6 Rc6 40. Nb5 Bf2 41. f4 Re6 42. a4 d4 43. Nc7 Re1+ 44. Ka2 Re3 45. Kb3 Bxg3 46. Nd5 Rxd3+ 47. cxd3 Bxh4 48. Kc4 Bf2 49. f5 g5 50. Nf6+ Kf8 51. Nxh5 g4 52. Kxc5 g3 53. Nf4 Be3 54. Ng2 Bd2 55. Kxd4 Ke7 56. b3 Kf6 57. Ke4 Bc3 58. d4 Kg5 59. d5 Kg4 60. d6 Bf6 61. d7 Kh3 62. Kf3 Bd8 63. Ne3 Kh2 64. Nf1+ Kh3 65. Nxg3 Kh4 66. Ne4 Kh5 67. Kf4 Bc7+ 68. Ke3 Kg4 69. Nd6 1-0

[Event "LAT-chT"]
[Site "Riga"]
[Date "2017.11.20"]
[Round "7.4"]
[White "Klimakovs, Sergejs"]
[Black "Gudovskis, Konstantins"]
[Result "1-0"]
[WhiteElo "2302"]
[BlackElo "1948"]
[PlyCount "155"]
[EventDate "2017.11.17"]
[EventType "team-swiss"]
[EventRounds "7"]
[EventCountry "LAT"]
[SourceTitle "CBM 181 Extra"]
[Source "ChessBase"]
[SourceDate "2017.12.12"]
[SourceVersion "1"]
[SourceVersionDate "2017.12.12"]
[SourceQuality "1"]
[WhiteTeam "Termo Eko/RSF"]
[BlackTeam "Chess 24/7"]
[WhiteTeamCountry "LAT"]
[BlackTeamCountry "LAT"]

1. e4 d6 2. d4 Nf6 3. Nc3 g6 4. Be2 Bg7 5. h4 h5 6. Bg5 c6 7. Qd2 Qc7 8. Nh3 Nbd7 9. f3 b5 10. a4 b4 11. Nd1 Rb8 12. a5 c5 13. Ne3 cxd4 14. Qxd4 0-0 15. Qd2 Re8 16. Bf4 Nc5 17. Ng5 Ba6 18. 0-0 Bxe2 19. Qxe2 Ncd7 20. Rfd1 Rec8 21. Qd3 Nc5 22. Qe2 Ncd7 23. b3 Qc5 24. Kh1 Ne5 25. Bh2 Kf8 26. Bg1 Qc6 27. Ra4 Rb5 28. Rd4 Qb7 29. a6 Qb8 30. Qd2 Nc6 31. Rc4 Nd7 32. Nd5 Nde5 33. Qf4 f6 34. Be3 Nxc4 35. bxc4 Ra5 36. Rxa5 Nxa5 37. Ne6+ Kf7 38. Nxg7 Rg8 39. Bd4 Qd8 40. Nxh5 gxh5 41. Qf5 Nc6 42. Qxh5+ Ke6 43. Nf4+ Kd7 44. Qf5+ Ke8 45. Qd5 Kd7 46. Qf5+ Ke8 47. Qe6 Kf8 48. Be3 Qa5 49. Nd3 Rh8 50. Bf2 Qxa6 51. Kh2 Qb7 52. Nf4 Rg8 53. h5 a5 54. Ng6+ Kg7 55. Be3 Qc8 56. Qd5 Kh7 57. Nh4 a4 58. h6 Nd8 59. e5 Qe6 60. Qd3+ f5 61. Nxf5 Qg6 62. g4 e6 63. Nxd6 Qxd3 64. cxd3 Nc6 65. Ne4 Nxe5 66. Nf6+ Kh8 67. Nxg8 Kxg8 68. g5 a3 69. Kg3 b3 70. Bd4 Nc6 71. Bf6 Ne7 72. Bxe7 b2 73. g6 b1Q 74. h7+ Kg7 75. Bf6+ Kxg6 76. h8Q Qg1+ 77. Kf4 Qe1 78. Qg7+ 1-0